Online Catalogue and eLibrary

Social life in ancient India (Record no. 249)

MARC details
000 -LEADER
fixed length control field 00551nam a22001937a 4500
001 - CONTROL NUMBER
control field 4013587
005 - DATE AND TIME OF LATEST TRANSACTION
control field 20240130061844.0
008 - FIXED-LENGTH DATA ELEMENTS--GENERAL INFORMATION
fixed length control field 970626s1929 ii a 000 0 eng
020 ## - INTERNATIONAL STANDARD BOOK NUMBER
ISBN 8120605241
040 ## - CATALOGING SOURCE (பட்டியலாக்க மூலம்)
Original cataloging agency DLC
Transcribing agency DLC
082 ## - DDC Classification
DDC Edition Number 22
Class No. 306
Item Number - Author Mark HAR.
100 1# - MAIN ENTRY--PERSONAL NAME
Personal name Chakladar, Haran Chandra.
245 10 - TITLE STATEMENT
Title Social life in ancient India
Remainder of title studies in Vātsyāyana's Kāmasūtra /
Statement of responsibility, etc. Haran Chandra Chakladar.
260 ## - PUBLICATION, DISTRIBUTION, ETC.
Place of publication, distribution, etc. Calcutta :
Name of publisher, distributor, etc. Br̥hattara Bhārata Pariṣad,
Date of publication, distribution, etc. 1929
300 ## - PHYSICAL DESCRIPTION
Extent (e.g. Volumes, Pages etc.) ii . 212 p.,
650 ## - SUBJECT ADDED ENTRY--TOPICAL TERM
Topical term or geographic name entry element history.
650 ## - SUBJECT ADDED ENTRY--TOPICAL TERM
Topical term or geographic name entry element culture
942 ## - Koha item type (Biblio)
Koha item type Books in Stacks (Lending)
Holdings
Lost status Damaged status Collection code Home library Current library Date acquired Full call number Accession Number Item type
    Lending WERC Library WERC Library 01/30/2024 306 HAR. 555 Books in Stacks (Lending)

© WERC Library